Putovanie Simona McKeevera

Podrobná bibliografia
Hlavný autor: Maltz, Albert, 1908-1985 (Autor)
Ďalší autori: Kořínek, Otakar, 1946-2025 (Prekladateľ), Baláž, Jozef (gup)
Médium: Článok
Jazyk:slovenčina
Predmet:

MARC

LEADER 00000nab a2200000 a 4500
001 vtls000026237
003 SK-MaSNL
005 20260305002022.0
008 111103c1979 xo 0 slo
015 |a SNBRB19rr/mm-uuuuu 
035 |a CL0036331 
040 |a SNKBUCL  |b slo  |c SNKBUCL  |e AACR2 
041 0 |a slo 
044 |a xo  |c SK 
080 |a 820 (73)-3  |2 1981 
100 1 |a Maltz, Albert,  |d 1908-1985  |4 aut  |9 256510 
245 1 0 |a Putovanie Simona McKeevera  |c Albert Maltz ; Oto Kořínek, Jozef Baláž 
650 0 7 |a romány psychologické  |2 snkbucl  |9 653970 
650 0 7 |a človek  |2 snkbucl  |9 16150 
650 0 7 |a život človeka  |2 snkbucl  |9 464859 
655 7 |a články z novín a časopisov  |2 snkbucl  |9 267496 
655 7 |a články z odboru literárna veda a krásna literatúra  |2 snkbucl  |9 770045 
700 1 |a Kořínek, Otakar,  |d 1946-2025  |4 trl  |9 21456 
700 1 |a Baláž, Jozef  |4 gup  |9 303540 
773 0 |t Život  |g Roč. 29, č. 11 (1979), s. /42-43./ 
850 |a Slovenská národná knižnica v Martine  |a MTA001 
852 |a SNK  |b KIS3GCP 
958 |a RK 
958 |a LX 
992 |a RBX 
999 |c 3223286  |d 3225216